000 00283nam a22001337a 4500
008 180924b xxu||||| |||| 00| 0 eng d
020 _a2900761923496
041 _aeng
080 _a321
100 _a19
101 _aSHP
245 _aNegotiation
_cSpangle, M.L
942 _2udc
_cBK
999 _c48383
_d48383